| 000 | 00909nam a2200229Ia 4500 | ||
|---|---|---|---|
| 003 | GCL | ||
| 008 | 140319s9999 xx 000 0 ara d | ||
| 020 | _a8655366977 | ||
| 040 |
_aGCL / _cGCL |
||
| 082 | 0 | 4 |
_aق _b327.6206 _bح ع |
| 100 | 1 | _aحامد عمار | |
| 245 | 1 | 0 |
_aعلاقات مصر بالدول الافريقية فى العصور الوسطى / _cحامد عمار |
| 260 |
_aالقاهرة : _bمكتبة الدار العربية للكتاب ، _c1996 |
||
| 300 |
_a212 ص ؛ _c24 سم |
||
| 490 | _a | ||
| 650 | 0 | 4 | _aمصر - تاريخ - العصر الاسلامى |
| 650 | 0 | 4 | _aافريقيا - التاريخ الاسلامى |
| 650 | 0 | 4 | _aمصر القديمة - تاريخ - الدولة الوسطى ( 2260-1580 ق. م ) |
| 650 | 0 | 4 | _aمصر - العلاقات الخارجية - افريقيا |
| 650 | 0 | 4 | _aمصر - العلاقات الخارجية |
| 942 |
_2ddc _cBK |
||
| 999 |
_c48949 _d48949 |
||